000 01280nam0a2200289 4500
001 RU\NLR\BIBL_A\012907622
005 20250727041339.0
010 _a978-5-9793-1761-8
_9158
035 _a(NLR Aleph) 012907622
090 _a13312064
_c13312064
100 _a20221012d2022 |||y0rusy50 ca
101 0 _abua
_arus
102 _aRU
105 _ay z 000yy
181 0 _ai
_baxxe
182 0 _an
200 1 _aЕхээр шагнуулаад, абаран сүлѳѳлэгшэ ехэ нангин судар оршобо
_e(хэhэг)
_fД. Ц. Жапова, хэлэ бэшэгэй эрдэмэй канд., монгол хэлэнhээ буряад хэлэндэ оршуулба
_g[консультант Т. Д. Доржиев, Асагадай дасанай лама]
203 _aТекст
_bвизуальный
_cнепосредственный
210 _aУлаан-Үдэ
_cБуряадай гүрэнэй ун-тедэй хэблэл
_d2022
215 _a67,[1] c.
_d20
541 1 _aТибетская книга мертвых. Бардо тхёдол.
_eотрывки
_zrus
686 1 _aЭ35
700 1 _aЖапова
_bД. Ц.
_gДолжид Цыбановна
_4070
852 _aNLR
_bОНЛ
_jБур./2-2036
942 _cBOOK
980 _aNB